[Event "Montevideo Biblioteca Nacional op"]
[Site "Montevideo"]
[Date "2019.08.06"]
[Round "6"]
[White "Ottonelo Gandarias, Marcos"]
[Black "Soto, Nicolas"]
[Result "0-1"]
[WhiteElo "1844"]
[BlackElo "1993"]
[PlyCount "56"]
[EventDate "2019.07.02"]
[EventType "swiss"]
[EventRounds "6"]
[EventCountry "URU"]
[SourceTitle "EXT 2020"]
[Source "ChessBase"]
[SourceDate "2019.10.17"]
[SourceVersion "1"]
[SourceVersionDate "2019.10.17"]
[SourceQuality "1"]

1. Nf3 d5 2. d4 Nf6 3. c4 c6 4. g3 g6 5. Bg2 Bg7 6. 0-0 0-0 7. Nc3 dxc4 8. Ne5 Be6 9. e4 Nbd7 10. Bf4 Nxe5 11. Bxe5 Qd7 12. Qe2 b5 13. d5 cxd5 14. exd5 Bf5 15. Rfe1 Rac8 16. a4 Bd3 17. Qf3 b4 18. Nb5 Ne8 19. Qe3 a6 20. Nd4 f6 21. Ne6 fxe5 22. Nxf8 Kxf8 23. f4 exf4 24. Qxf4+ Qf5 25. Qh4 g5 26. Qh3 Bd4+ 27. Kh1 Qxh3 28. Bxh3 Rd8 0-1

[Event "Montevideo Biblioteca Nacional op"]
[Site "Montevideo"]
[Date "2019.07.09"]
[Round "2"]
[White "Pelaez, Diego"]
[Black "Ottonelo Gandarias, Marcos"]
[Result "0-1"]
[WhiteElo "1621"]
[BlackElo "1844"]
[PlyCount "62"]
[EventDate "2019.07.02"]
[EventType "swiss"]
[EventRounds "6"]
[EventCountry "URU"]
[SourceTitle "EXT 2020"]
[Source "ChessBase"]
[SourceDate "2019.10.17"]
[SourceVersion "1"]
[SourceVersionDate "2019.10.17"]
[SourceQuality "1"]

1. d4 Nf6 2. c4 e5 3. d5 Bc5 4. Nc3 0-0 5. Nf3 Re8 6. e3 d6 7. h3 Bf5 8. Qb3 Nbd7 9. Nh4 Be4 10. f3 Bg6 11. Nxg6 hxg6 12. g4 Bb6 13. Qc2 e4 14. f4 a5 15. Bg2 Nc5 16. 0-0 c6 17. Bd2 Rc8 18. dxc6 bxc6 19. Na4 Nxa4 20. Qxa4 d5 21. cxd5 cxd5 22. Rac1 Rxc1 23. Rxc1 d4 24. Bxa5 Bxa5 25. g5 Nh5 26. Rd1 Bb6 27. Kh2 Qb8 28. Rf1 dxe3 29. Bxe4 e2 30. Re1 Qxf4+ 31. Kh1 Qxe4+ 0-1

[Event "Montevideo Trebejos Autumn op"]
[Site "Montevideo"]
[Date "2018.03.21"]
[Round "7"]
[White "Ottonelo Gandarias, Marcos"]
[Black "Estoyanoff, German"]
[Result "1-0"]
[WhiteElo "1845"]
[BlackElo "1525"]
[PlyCount "67"]
[EventDate "2018.03.07"]
[EventType "swiss"]
[EventRounds "7"]
[EventCountry "URU"]
[SourceTitle "CBM 183 Extra"]
[Source "ChessBase"]
[SourceDate "2018.04.19"]
[SourceVersion "1"]
[SourceVersionDate "2018.04.19"]
[SourceQuality "1"]

1. e4 e5 2. Nf3 Nf6 3. Nc3 Nc6 4. d4 exd4 5. Nxd4 Bb4 6. Bg5 d6 7. Bb5 Bxc3+ 8. bxc3 Bd7 9. 0-0 h6 10. Bh4 Ne5 11. Qe2 c6 12. Bd3 Qa5 13. f4 Qxc3 14. Nf5 Nxd3 15. Nxd6+ Ke7 16. Nf5+ Bxf5 17. exf5+ Kf8 18. Bxf6 gxf6 19. cxd3 Qc5+ 20. Kh1 Qxf5 21. Rae1 Qc5 22. Qb2 Kg7 23. Rf3 Rhe8 24. Rc1 Qe7 25. Qf2 Qe2 26. Qg3+ Kh7 27. Rg1 Qxa2 28. Qh4 Qe6 29. f5 Qe2 30. Rh3 h5 31. Qxf6 Kg8 32. Rg3+ Kf8 33. Qh6+ Ke7 34. Re3+ 1-0

[Event "Montevideo Trebejos Autumn op"]
[Site "Montevideo"]
[Date "2018.03.19"]
[Round "6"]
[White "Carvalho, Guillermo"]
[Black "Ottonelo Gandarias, Marcos"]
[Result "1-0"]
[WhiteElo "2194"]
[BlackElo "1845"]
[PlyCount "51"]
[EventDate "2018.03.07"]
[EventType "swiss"]
[EventRounds "7"]
[EventCountry "URU"]
[SourceTitle "CBM 183 Extra"]
[Source "ChessBase"]
[SourceDate "2018.04.19"]
[SourceVersion "1"]
[SourceVersionDate "2018.04.19"]
[SourceQuality "1"]

1. d4 Nf6 2. Nf3 d5 3. c4 e6 4. Nc3 Be7 5. Bg5 Nbd7 6. e3 0-0 7. Rc1 dxc4 8. Bxc4 a6 9. 0-0 b5 10. Bd3 Bb7 11. e4 c5 12. e5 Ng4 13. Bxe7 Qxe7 14. Be4 Bxe4 15. Nxe4 f6 16. Nxc5 Nxc5 17. Rxc5 Rad8 18. exf6 Rxf6 19. h3 Nh6 20. Re5 Qb4 21. Qe2 Rd6 22. Rc1 Nf7 23. Re3 h6 24. Rc8+ Rd8 25. Rc6 Rd6 26. a3 1-0

[Event "Montevideo Bouza Memorial"]
[Site "Montevideo"]
[Date "2017.07.21"]
[Round "4"]
[White "Ottonelo Gandarias, Marcos"]
[Black "Caitano, Martin Joel"]
[Result "0-1"]
[WhiteElo "1798"]
[BlackElo "2017"]
[PlyCount "114"]
[EventDate "2017.07.12"]
[EventType "swiss"]
[EventRounds "7"]
[EventCountry "URU"]
[SourceTitle "EXT 2018"]
[Source "ChessBase"]
[SourceDate "2017.10.13"]
[SourceVersion "1"]
[SourceVersionDate "2017.10.13"]
[SourceQuality "1"]

1. e4 d6 2. d4 g6 3. Nc3 Bg7 4. Be3 Nf6 5. f3 0-0 6. Qd2 e5 7. Nge2 exd4 8. Nxd4 d5 9. 0-0-0 dxe4 10. fxe4 Bg4 11. Be2 Nbd7 12. Bh6 Bxe2 13. Ndxe2 Ne5 14. Qf4 Bxh6 15. Qxh6 Nfg4 16. Rxd8 Nxh6 17. Rxa8 Rxa8 18. h3 c6 19. Rd1 Kf8 20. Rd4 Ke7 21. b4 b5 22. Nf4 f6 23. Nb1 a5 24. a3 Nhf7 25. Nd2 axb4 26. axb4 Ra1+ 27. Kb2 Rd1 28. Nf3 Nc4+ 29. Kc3 Ra1 30. Nd2 Ra3+ 31. Nb3 Nfe5 32. Nd3 Ra2 33. Nxe5 fxe5 34. Rd3 Ra3 35. Rf3 Nd6 36. Kd3 Nf7 37. h4 Nd8 38. h5 Ne6 39. hxg6 hxg6 40. Kd2 Nf4 41. g3 Ne6 42. Rd3 Ra4 43. Kc3 c5 44. Nxc5 Nxc5 45. bxc5 Rxe4 46. Rd5 Ke6 47. Rd6+ Kf5 48. c6 Rc4+ 49. Kd3 g5 50. c3 Rc5 51. Rh6 e4+ 52. Kd4 Rc4+ 53. Kd5 Rxc3 54. Rh7 e3 55. Re7 b4 56. c7 Kg4 57. Kd4 Rc1 0-1

[Event "URU-ch sf"]
[Site "Montevideo"]
[Date "2013.02.09"]
[Round "2"]
[White "Ottonelo Gandarias, Marcos"]
[Black "Nunez, Diego"]
[Result "1-0"]
[WhiteElo "1824"]
[BlackElo "1739"]
[PlyCount "107"]
[EventDate "2013.02.08"]
[EventType "swiss"]
[EventRounds "9"]
[EventCountry "URU"]
[SourceTitle "EXT 2014"]
[Source "ChessBase"]
[SourceDate "2013.11.20"]
[SourceVersion "1"]
[SourceVersionDate "2013.11.20"]
[SourceQuality "1"]

1. e4 e5 2. Nf3 Nc6 3. Bb5 a6 4. Ba4 Nf6 5. 0-0 Bc5 6. c3 b5 7. Bc2 d6 8. d4 Bb6 9. h3 0-0 10. Bg5 h6 11. Bh4 Nb8 12. dxe5 dxe5 13. Qxd8 Rxd8 14. Nxe5 Re8 15. Bxf6 gxf6 16. Nf3 Bb7 17. Nbd2 Nd7 18. Rfe1 Rad8 19. Nd4 Ne5 20. N2f3 Bxd4 21. Nxd4 Nc6 22. Rad1 Ne7 23. f3 c5 24. Nb3 Rc8 25. Rd7 Ba8 26. Red1 Nc6 27. R7d6 Kg7 28. Nc1 b4 29. Ba4 Rg8 30. Ne2 Ne5 31. Ng3 Kh8 32. Kf2 Bc6 33. Bxc6 Nxc6 34. Rxf6 Kg7 35. Rdd6 Ne7 36. Rxa6 bxc3 37. bxc3 Rb8 38. Rfb6 Rbd8 39. Nh5+ Kf8 40. Nf4 c4 41. Ke3 Ke8 42. Ra7 Nc8 43. Rbb7 Nxa7 44. Rxa7 Rg5 45. a4 Rb8 46. Kd4 Rc8 47. g4 Rgc5 48. Nd5 R5c6 49. a5 Kf8 50. a6 Kg7 51. f4 Rb8 52. Rb7 Rbc8 53. a7 Ra6 54. Rb8 1-0

[Event "URU-ch sf"]
[Site "Montevideo"]
[Date "2013.02.09"]
[Round "3"]
[White "Soto, Nicolas"]
[Black "Ottonelo Gandarias, Marcos"]
[Result "1/2-1/2"]
[WhiteElo "2009"]
[BlackElo "1824"]
[PlyCount "75"]
[EventDate "2013.02.08"]
[EventType "swiss"]
[EventRounds "9"]
[EventCountry "URU"]
[SourceTitle "EXT 2014"]
[Source "ChessBase"]
[SourceDate "2013.11.20"]
[SourceVersion "1"]
[SourceVersionDate "2013.11.20"]
[SourceQuality "1"]

1. e4 c5 2. Nf3 Nc6 3. d4 cxd4 4. Nxd4 Nf6 5. Nc3 e5 6. Ndb5 d6 7. Bg5 a6 8. Na3 b5 9. Bxf6 gxf6 10. Nd5 f5 11. c3 Be6 12. exf5 Bxf5 13. Nc2 Bg7 14. Nce3 Be6 15. Bd3 Ne7 16. Nxe7 Qxe7 17. Qh5 d5 18. 0-0 e4 19. Nf5 Bxf5 20. Qxf5 0-0 21. Bc2 Qe5 22. Qxe5 Bxe5 23. Rad1 Rad8 24. Rfe1 Rfe8 25. a3 a5 26. Rb1 f5 27. g3 Kg7 28. Red1 d4 29. cxd4 Bxd4 30. Kf1 e3 31. fxe3 Rxe3 32. Rd2 Rf3+ 33. Kg2 Rf2+ 34. Rxf2 Bxf2 35. Bxf5 Rd2 36. Kf3 Bd4 37. b3 Rxh2 38. a4 1/2-1/2

[Event "Montevideo op"]
[Site "Montevideo"]
[Date "2012.06.16"]
[Round "3"]
[White "Bertucci, Santiago"]
[Black "Ottonelo Gandarias, Marcos"]
[Result "1-0"]
[WhiteElo "1979"]
[BlackElo "1773"]
[PlyCount "91"]
[EventDate "2012.06.15"]
[EventType "swiss"]
[EventRounds "9"]
[EventCountry "URU"]
[SourceTitle "CBM 149 Extra"]
[Source "ChessBase"]
[SourceDate "2012.08.24"]
[SourceVersion "1"]
[SourceVersionDate "2012.08.24"]
[SourceQuality "1"]

1. e4 e5 2. Nf3 Nc6 3. Bb5 a6 4. Ba4 Nf6 5. 0-0 b5 6. Bb3 Be7 7. Re1 0-0 8. a4 Rb8 9. c3 d6 10. h3 Na5 11. Bc2 c5 12. d4 Nc6 13. axb5 axb5 14. Bg5 Qb6 15. Nbd2 Ba6 16. d5 Na5 17. Nh4 Nxd5 18. exd5 Bxg5 19. Qh5 Bh6 20. Re3 Bc8 21. Nf5 Bxf5 22. Bxf5 Rb7 23. Rg3 Kh8 24. Ne4 f6 25. Rg4 Nb3 26. Re1 Qd8 27. Rh4 c4 28. Ng3 Nc5 29. Re3 Qe8 30. Qg4 Rff7 31. Re2 Nd7 32. Bc2 Nf8 33. Nf5 Qd7 34. Nxh6 gxh6 35. Bf5 Qe8 36. Rxh6 Rg7 37. Qh4 Ng6 38. Qxf6 Nf4 39. Rxh7+ Kg8 40. Rxg7+ Rxg7 41. Bh7+ Kxh7 42. Qxf4 Qh5 43. Qe4+ Kg8 44. Kh2 Kf7 45. f4 Rg4 46. Qf3 1-0

[Event "Montevideo op"]
[Site "Montevideo"]
[Date "2012.06.15"]
[Round "1"]
[White "Arcos Facio, Mateo"]
[Black "Ottonelo Gandarias, Marcos"]
[Result "1-0"]
[WhiteElo "2171"]
[BlackElo "1773"]
[PlyCount "35"]
[EventDate "2012.06.15"]
[EventType "swiss"]
[EventRounds "9"]
[EventCountry "URU"]
[SourceTitle "CBM 149 Extra"]
[Source "ChessBase"]
[SourceDate "2012.08.24"]
[SourceVersion "1"]
[SourceVersionDate "2012.08.24"]
[SourceQuality "1"]

1. e4 d5 2. exd5 Qxd5 3. Nc3 Qa5 4. d4 Nf6 5. Bc4 Bf5 6. Nf3 e6 7. Bd2 c6 8. Qe2 Be7 9. 0-0-0 0-0 10. Ne5 Nbd7 11. Nd5 Qd8 12. Nxe7+ Qxe7 13. f3 Nb6 14. g4 Bg6 15. h4 c5 16. h5 Bxc2 17. Kxc2 Nxc4 18. Nxc4 1-0

[Event "Latin Cup"]
[Site "Montevideo"]
[Date "2011.11.04"]
[Round "5"]
[White "Salguero, Rafael"]
[Black "Ottonelo Gandarias, Marcos"]
[Result "1-0"]
[WhiteElo "1855"]
[BlackElo "1749"]
[PlyCount "79"]
[EventDate "2011.11.01"]
[EventType "swiss"]
[EventRounds "9"]
[EventCountry "URU"]
[SourceTitle "EXT 2012"]
[Source "ChessBase"]
[SourceDate "2011.11.24"]
[SourceVersion "1"]
[SourceVersionDate "2011.11.24"]
[SourceQuality "1"]

1. d4 d5 2. c4 e6 3. Nc3 Nf6 4. cxd5 exd5 5. Bg5 Nbd7 6. Nf3 Be7 7. e3 0-0 8. Bd3 Re8 9. 0-0 Nf8 10. Qc2 g6 11. Rab1 Ne6 12. Bh4 Ng7 13. b4 Bf5 14. Rfc1 Bxd3 15. Qxd3 Nf5 16. Bg5 h6 17. Bf4 Nd6 18. Nb5 c6 19. Nxd6 Bxd6 20. Bxh6 Qe7 21. Bg5 Kg7 22. b5 Rh8 23. bxc6 Bxh2+ 24. Nxh2 Rxh2 25. cxb7 Rah8 26. Kf1 Rh1+ 27. Ke2 Rxc1 28. Bxf6+ Kxf6 29. Qa6+ Kg7 30. Rxc1 Rb8 31. Rb1 Qc7 32. Kd2 Qh2 33. Qxa7 Qxg2 34. Qxb8 Qxf2+ 35. Kd3 Qf5+ 36. Ke2 Qc2+ 37. Kf3 Qe4+ 38. Kf2 Qc2+ 39. Kg3 Qxb1 40. Qe5+ 1-0